00727nam a22002057a 4500003000900000008004100009020001800050040007100068082002200139100001700161245007000178260003400248300002800282505012500310650001600435650001500451650001100466700001700477700002700494AR-CdUCM190319b ||||| |||| 00| 0 spa d a958-36-0022-9 aMUNICIPALIDAD PROVINCIAL DEL CUSCOcBIBLIOTECA MUNICIPAL DEL CUSCO a809.892097 /bM12 aMcPhee, John aLos periodistas literarios :bo, el arte del reportaje personal / aBogotá :bEl Ancora,c1996. a410 páginas ;c23 cm. aContenido: Viajes por Georgia -- El Salvador -- Los ángeles -- La muerte todo el día -- Procedimientos invasores ... aPeriodistas aLiteratura aViajes aDidion, Joan aWolfe, Tom (coautores)